Pişman itirafçılar (Record no. 1750)

MARC details
000 -BAŞLIK
Sabit Uzunlukta Kontrol Alanı 00867na a2200313 4500
001 - KONTROL NUMARASI
Denetim Alanı 13070
003 - KONTROL NUMARASI IDENTIFIER
Denetim Alanı MIRAKIL
005 - SON İŞLEM TARİHİ VE ZAMANI
Denetim Alanı 20181213154833.0
008 - SABİT-BOY VERİ ELEMANLARI - GENEL BİLGİLER
Sabit Uzunlukta Kontrol Alanı 160930b tu 000 0
020 ## - ULUSLARARASI STANDART KİTAP NUMARASI
Uluslararası Standart Kitap Numarası 9757684082
035 ## - SİSTEM KONTROL NUMARASI
Sistem Kontrol Numarası 13070
040 ## - KATALOGLAMA KAYNAK
Orijinal Kataloglama Ajansı Milas
Kataloglama Dili tur
Metne Dönüştürmek Ajansı TR-AnCHP
041 ## - DİL KODU
Metin / Ses Parça Veya Ayrı Başlığın Dil Kodu tur
082 ## - DEWEY ONLU SINIFLANDIRMA NUMARASI
Sınıflandırma Numarası 364.349159
Ürün Numarası N31p 1990
090 ## - SINIFLAMA NUMARASI
Sınıflama Numarası 364.349159 N31p 1990
100 ## - ANA GİRİŞ - KİŞİSEL İSİM
Kişisel Ad Nebiler, Halil
245 ## - BAŞLIK TABLOSU
Başlık Pişman itirafçılar
Sorumluluk Tablosu, Vb Halil Nebiler
260 ## - YAYIN, DAĞITIM, VB
Yayın, Dağıtım, Vb Yeri İstanbul
Yayıncı, Dağıtıcı, Vs Adı Dönem Yayınevi
Yayın, Dağıtım, Vb Tarihi 1990
300 ## - FİZİKSEL TANIM
Kapsam 159 s.
Boyutlar 20 sm.
440 ## - SERİSİ TABLOSU / KATMA GİRİŞİ - BAŞLIK
Başlık Dönem Yayınevi
Hacim / Ardışık Tanımı 15
490 ## - SERİSİ TABLOSU
Seri Beyanı Genel Dizi
Hacim / Ardışık Tanımı 5
650 ## - KONU KATMA GİRİŞ - TOPİKAL DÖNEM
Topikal Süreli Veya Coğrafi Ad Giriş Elemanı Terörizm
Genel Alt Bölümü Örgüt üyeleri
Coğrafi Alt Bölümü Türkiye
650 ## - KONU KATMA GİRİŞ - TOPİKAL DÖNEM
Topikal Süreli Veya Coğrafi Ad Giriş Elemanı Hukuk
Genel Alt Bölümü Pişmanlık yasası
Coğrafi Alt Bölümü Türkiye
650 ## - KONU KATMA GİRİŞ - TOPİKAL DÖNEM
Topikal Süreli Veya Coğrafi Ad Giriş Elemanı Sivil haklar
Coğrafi Alt Bölümü Türkiye
650 ## - KONU KATMA GİRİŞ - TOPİKAL DÖNEM
Topikal Süreli Veya Coğrafi Ad Giriş Elemanı Siyasal suçlular
Genel Alt Bölümü Kürtler
Coğrafi Alt Bölümü Türkiye
942 ## - EKLENDİ GİRİŞ ELEMANLARI (KOHA)
Sınıflandırma Veya Raf Düzeni Kaynak Dewey Decimal Classification
Koha Öğesi Türü Books
999 ## - SİSTEM KONTROL NUMARALARI (KOHA)
Koha Biblionumber 1750
Koha Biblioitemnumber 1750
657 ## - INDEX SÜRE - İŞLEVİ
-- Kürtler
657 ## - INDEX SÜRE - İŞLEVİ
-- Kürt sorunu
Holdings
Kalıcı Konum Mevcut Konum Edinme Tarihi Edinim Kaynak Toplam Check-Out'Lar Tam Çağrı Numarası Barkod Tarih Son Görülme İtibaren Geçerli Fiyatlar Koha Öğesi Türü
CHP Kütüphanesi CHP Kütüphanesi 08/05/2016 Bağış   364.349159 N31p 1990 000632 08/05/2016 08/05/2016 Books